000
00188 a2200097 4500
001
46903
100
_a
245
_a
Total war
260
_a
London
_b
Allen lane
_c
090
_c
29983
_d
29983
942
_a
NUST-CAE
_c
M
_c
22205
999
_c
281976
_d
281976